000
00339nam a2200157 4500
001
43563
090
_a
43563
100
_a
20240917 pory50
101
_a
por
102
_a
PT
200
_a
Atlas infantil
_e
com bandeiras
210
_a
Rio de Mouro
_c
Girassol
_d
[S.d.]
215
_a
48 p.
675
_a
912
801
_a
PT
_g
RPC
990
_c
LIVROS